=LDR 00000nam 2200000 4500 =001 INLIS000000000019964 =005 20130612114952 =008 ***********************************ind** =035 ##$$0010-061300000019964 =041 ##$$a ind =082 ##$$a 510.76 =090 ##$$a 510.76, Abd i =100 ##$$a Abdurahman, Maman =245 ##$$a Intisari matematika untuk SMA kelas 1, 2 dan 3, Maman Abdurahman =260 ##$$a 2005 $b Bandung =300 ##$$a 456 hlm, ilus, 18 cm =650 ##$$a Matematika-Soal =850 ##$$a NBPNMAT